Регионална библиотека "Любен Каравелов" - Русе

Пъстра книжка (Запис номер 143956)

MARC детайли
000 -Лидер
Контролно поле с фиксирана дължина 01833nam a2200373 c 4500
003 - Код на организацията, давaща контролен номер
Контролно поле BLK
005 - Дата и час на последна редакция
Контролно поле 20210202140120.0
008 - Елементи от данни с фиксирана дължина
fixed length control field 180410b bul|||||r ||||||| ||bul||
010 ## - Наследен системен номер
LC control number KNG00150105000
040 ## - Източник на каталожния запис
Идентификатор на билиотеката - собственик на записа BLK
041 ## - Код за език
Код за езика на текст/звукозапис или на отделно заглавие Български
Код за езика КДБФ Български
080 ## - УДК
Текстов определител УДК Българска литература
УДК код - определител по УДК 821.163.2
УДК определител -93-34
УДК - код + определител 821.163.2-93-34
139 ## - Редно поле
Редна дума Пъстра книжка
Авторски знак Пър - П 97
245 10 - Сведения за заглавието
Заглавие Пъстра книжка
Подзаглавни данни 3 приказки
Редно поле (дума) ил. Невена Петрова Тузсузова; с послесл. от Ема Стоянова Йончева; * Иван Мартинов; * Мария Павлова; * Лила Захариева.
250 ## - Област на изданието
Сведения за изданието 2. изд.
257 ## - Страна на издаване
Страна на създаване/издаване България
260 ## - Област на издателските данни
Име на издателя, разпространителя и проч. Бълг. художник
Година на издаване 1973
Място на издаване, разпространение и проч. София
Печатница Картна фабрика
300 ## - Физическа характеристика
Страници 48 с.
Илюстрации и др. с ил.
Размери/Мащаб 30 см
380 ## - Жанр
Жанр Детска худож. лит.
490 1# - СЕРИИ (Колекции)
Име на серия Поредица Любими детски илюстратори
500 ## - Общи забележки
Забележка 1. изд. 1971. - 50 000 тир. - Съдържа: Слънчевото зрънце / Мария Павлова. Горската аптека / Лила Захариева. Една снежинка разказва / Иван Мартинов.
653 ## - Ключова дума – ненормативна
Ключова дума детска литература
653 ## - Ключова дума – ненормативна
Ключова дума литература за деца
700 1# - Други автори (авторска отговорност)
Лично име Тузсузова, Невена Петрова
Автороска отговорност (Описва отношението между автора и произведението) ил.
9 (RLIN) 377179
700 1# - Други автори (авторска отговорност)
Лично име Йончева, Ема Стоянова
Автороска отговорност (Описва отношението между автора и произведението) с послесл. от
9 (RLIN) 379403
700 1# - Други автори (авторска отговорност)
Лично име Мартинов, Иван
Автороска отговорност (Описва отношението между автора и произведението) *
Друга информация Георгиев, Иван Цеков
9 (RLIN) 377039
700 1# - Други автори (авторска отговорност)
Лично име Павлова, Мария
Автороска отговорност (Описва отношението между автора и произведението) *
9 (RLIN) 364963
700 1# - Други автори (авторска отговорност)
Лично име Захариева, Лила
Автороска отговорност (Описва отношението между автора и произведението) *
9 (RLIN) 379233
852 ## - Местоположение
Форматна сигнатура Цб ІІ 18563
856 4# - Електронен адрес и достъп
Електронен формат pdf - файл
856 4# - Електронен адрес и достъп
Електронен формат pdf - файл
999 ## - СИСТЕМНИ КОНТРОЛНИ НОМЕРА
Koha biblionumber 143956
Koha biblioitemnumber 143956
942 ## - АРТИКУЛИ
Вид на библиотечния материал Книги
Скрит в OPAC Не
Koha issues (borrowed), all copies 2
Периодичен библиозапис Да
944 ## - СЪЗДАВАНЕ И РЕДАКЦИЯ на ЗАПИСА
Създаване/Редакция Създаване
Дата на регистрацията/редакция 03.09.2013
Статус, дата на статуса 03.09.2013 - от С1,Р / 03.09.2013
Служител, извършил регистрацията/редакцията Ивелин_Иванов
944 ## - СЪЗДАВАНЕ И РЕДАКЦИЯ на ЗАПИСА
Създаване/Редакция Редакция
Дата на регистрацията/редакция 03.09.2013
Статус, дата на статуса 03.09.2013 - от С1,Р / 03.09.2013
999 ## - СИСТЕМНИ КОНТРОЛНИ НОМЕРА
Koha biblioitemnumber 143956
Наличности
Код за отписване Код за изгубен артикул Източник на класификационната схема Код за повреда Коз за рестрикции Код за отдаване Артикулен № Име на библиотеката - собственик Име на библиотеката, в която се намира в момента Статус (Текущо местоположение) Дата на вписване в системата Местоположение - отдел Цена в лева Инвентарен номер Систематично азбучна сигнатура Баркод Номер на екземпляра Цена в евро Служебна бележка Служебен тип на артикула
  Не е изгубен Universal Decimal Classification Не е повреден без рестрикции ползва се в читалня 239184 Регионална библиотека "Любен Каравелов" Русе Регионална библиотека "Любен Каравелов" Русе Хранилище 1973-01-01 Хранилище 1.00 163848 Цб ІІ 18563 120000163848 1 0.51 Дост: Dp Вид: Д N: стар фонд Дата: 01.01.1973 Книги
  Не е изгубен Universal Decimal Classification Не е повреден без рестрикции заемане за дома 239185 Регионална библиотека "Любен Каравелов" Русе Регионална библиотека "Любен Каравелов" Русе Детски отдел 1973-01-01 Детски отдел 1.00 166932 ДХ 886.7/П 97 120000166932 2 0.51 Дост: Pk Вид: Ф N: стар фонд Дата: 01.01.1973 Дата инв: 18.09.2015 Бележки инв: Д2015 Книги
Изтеглен Не е изгубен Universal Decimal Classification Не е повреден без рестрикции заемане за дома 239186 Регионална библиотека "Любен Каравелов" Русе Регионална библиотека "Любен Каравелов" Русе Детски отдел 1973-01-01 Детски отдел 1.00 166934 ДХ 886.7/П 97 166934 3 0.51 Дост: Pk Вид: Ф N: стар фонд Дата: 01.01.1973 Дата инв: 24.09.2015 Бележки инв: Д2015 Книги
Изтеглен Не е изгубен Universal Decimal Classification Не е повреден без рестрикции заемане за дома 239187 Регионална библиотека "Любен Каравелов" Русе Регионална библиотека "Любен Каравелов" Русе Детски отдел 1973-01-01 Детски отдел 1.00 166935 ДХ 886.7/П 97 166935 4 0.51 Дост: Pk Вид: Ф N: стар фонд Дата: 01.01.1973 Дата инв: 18.09.2015 Бележки инв: Д2015 Книги
Изтеглен Не е изгубен Universal Decimal Classification Не е повреден без рестрикции заемане за дома 239188 Регионална библиотека "Любен Каравелов" Русе Регионална библиотека "Любен Каравелов" Русе Детски отдел 1973-01-01 Детски отдел 1.00 166936 ДХ 886.7/П 97 166936 5 0.51 Дост: Pk Вид: Ф N: стар фонд Дата: 01.01.1973 Дата инв: 13.08.2015 Бележки инв: Д2015 Книги
Изтеглен Не е изгубен Universal Decimal Classification Не е повреден без рестрикции заемане за дома 239189 Регионална библиотека "Любен Каравелов" Русе Регионална библиотека "Любен Каравелов" Русе Детски отдел 1973-01-01 Детски отдел 1.00 166938 ДХ 886.7/П 97 166938 6 0.51 Дост: Pk Вид: Ф N: стар фонд Дата: 01.01.1973 Дата инв: 24.09.2015 Бележки инв: Д2015 Книги
Vip Innovations Ltd, Rousse, Bulgaria 2025